| 000 | 00539nam a2200133Ia 4500 | ||
|---|---|---|---|
| 005 | 20260209120149.0 | ||
| 008 | 260209s9999||||xx |||||||||||||| ||und|| | ||
| 100 | _aJapandeep Singh Brar | ||
| 245 | 0 | _aUnmasking the digital shadows : examining the tension between cyber-stalking and the right to privacy | |
| 260 |
_aBangaloreBangalore _bNLSIU, Bangalore _c2023 - 2024 |
||
| 300 | _a39 p. ; 25 cm. | ||
| 700 | _aDr. Akhila Basalalli - SupervisorDr. Akhila Basalalli - Supervisor | ||
| 856 | _uhttps://dans.nls.ac.in/handle/123456789/2105 | ||
| 999 |
_c217668 _d217668 |
||